[Event "XI GRAN TORNEO INTERNACIONAL AFICIONADOS"]
[Site "Benidorm (Alicante - SPAIN)"]
[Date "2012.12.06"]
[Round "8"]
[White "Zotes Flecha, Luis"]
[Black "Zamora Soler, Raul"]
[Result "1/2-1/2"]
[WhiteElo "1883"]
[BlackElo "1998"]
[PlyCount "67"]
[EventDate "2012.11.30"]
[EventRounds "10"]
[EventCountry "ESP"]

1. c4 c5 2. Nc3 Nc6 3. d3 d6 4. e4 e5 5. f4 g6 6. Nf3 Bg7 7. Be2 Nge7 8. O-O
exf4 9. Bxf4 O-O 10. Qd2 Nd4 11. Bh6 Nec6 12. Bxg7 Kxg7 13. Nd5 Qa5 14. Rfd1
Qxd2 15. Rxd2 Be6 16. Nxd4 Nxd4 17. Nc3 a6 18. Bf3 Rab8 19. Ne2 Nc6 20. b3 g5
21. h3 Ne5 22. Kh2 f5 23. exf5 Nxf3+ 24. gxf3 Rxf5 25. Kg2 Rbf8 26. Rf1 R5f7
27. Ng3 Kg6 28. Ne4 Rd8 29. d4 Bf5 30. dxc5 Bxe4 31. fxe4 Rxf1 32. Kxf1 Rf8+
33. Kg2 dxc5 34. Rd7 1/2-1/2

[Event "XI GRAN TORNEO INTERNACIONAL AFICIONADOS"]
[Site "Benidorm (Alicante - SPAIN)"]
[Date "2012.12.06"]
[Round "8"]
[White "Tonus, Alex"]
[Black "Ayza Casamitjana, Antoni"]
[Result "1/2-1/2"]
[WhiteElo "1980"]
[BlackElo "1882"]
[PlyCount "78"]
[EventDate "2012.11.30"]
[EventRounds "10"]
[EventCountry "ESP"]

1. e4 c5 2. Nf3 e6 3. d4 cxd4 4. Nxd4 Nf6 5. Nc3 Nc6 6. Ndb5 Bb4 7. a3 Bxc3+ 8.
Nxc3 d5 9. exd5 exd5 10. Bd3 O-O 11. O-O d4 12. Ne4 Nxe4 13. Bxe4 Re8 14. Re1
Be6 15. Qf3 Qd7 16. Bf4 Rad8 17. Qd3 f5 18. Bf3 Bd5 19. Bg5 Rc8 20. h3 Bxf3 21.
Qxf3 h6 22. Bf4 g5 23. Bd2 Kg7 24. Qb3 Qf7 25. Qd3 Rcd8 26. Rxe8 Rxe8 27. Rd1
Kg6 28. g4 Ne5 29. Qxf5+ Qxf5 30. gxf5+ Kxf5 31. Bb4 Nc6 32. Bc5 Rd8 33. a4 b6
34. Ba3 Re8 35. Rd2 Re4 36. Kg2 h5 37. b3 g4 38. hxg4+ Rxg4+ 39. Kh3 Ne5
1/2-1/2

[Event "XI GRAN TORNEO INTERNACIONAL AFICIONADOS"]
[Site "Benidorm (Alicante - SPAIN)"]
[Date "2012.12.06"]
[Round "8"]
[White "Real Masdeu, Albert"]
[Black "Gomez Lopez, Pedro"]
[Result "1/2-1/2"]
[WhiteElo "1974"]
[BlackElo "1880"]
[PlyCount "43"]
[EventDate "2012.11.30"]
[EventRounds "10"]
[EventCountry "ESP"]

1. Nf3 Nf6 2. d4 d5 3. c4 c6 4. Nc3 e6 5. Bg5 Nbd7 6. e3 Qa5 7. cxd5 exd5 8.
Bd3 Ne4 9. O-O Nxg5 10. Nxg5 Nf6 11. e4 dxe4 12. Ncxe4 Nxe4 13. Nxe4 Be7 14.
Re1 Be6 15. Qc2 Qh5 16. Nc5 Bxc5 17. dxc5 O-O 18. Re3 Rad8 19. Rae1 g6 20. Re5
Qh4 21. R5e4 Qf6 22. R4e3 1/2-1/2

[Event "XI GRAN TORNEO INTERNACIONAL AFICIONADOS"]
[Site "Benidorm (Alicante - SPAIN)"]
[Date "2012.12.06"]
[Round "8"]
[White "Galle, Andre"]
[Black "Suarez Garcia, Ivan"]
[Result "1/2-1/2"]
[WhiteElo "1972"]
[BlackElo "1875"]
[PlyCount "25"]
[EventDate "2012.11.30"]
[EventRounds "10"]
[EventCountry "ESP"]

1. d4 d5 2. c4 e5 3. e3 exd4 4. exd4 Nf6 5. Nc3 Be7 6. Nf3 O-O 7. Bd3 Bg4 8.
Be3 Nc6 9. O-O dxc4 10. Bxc4 Na5 11. Be2 Nd5 12. Nxd5 Qxd5 13. h3 1/2-1/2

[Event "XI GRAN TORNEO INTERNACIONAL AFICIONADOS"]
[Site "Benidorm (Alicante - SPAIN)"]
[Date "2012.12.06"]
[Round "8"]
[White "Nieto Tornero, Jose"]
[Black "Catherine, Bertrand"]
[Result "1-0"]
[WhiteElo "1951"]
[BlackElo "1855"]
[PlyCount "81"]
[EventDate "2012.11.30"]
[EventRounds "10"]
[EventCountry "ESP"]

1. e4 c5 2. Nf3 Nc6 3. d4 cxd4 4. Nxd4 e5 5. Nb5 d6 6. N1c3 a6 7. Na3 b5 8. Nd5
Nge7 9. c4 Nd4 10. Bg5 h6 11. Bxe7 Bxe7 12. cxb5 Qa5+ 13. Qd2 Qxd2+ 14. Kxd2
Bg5+ 15. Kd1 Bd8 16. bxa6 Bxa6 17. Nc4 O-O 18. Nxd6 Bxf1 19. Rxf1 Nb3 20. Rb1
Rxa2 21. Kc2 Nd4+ 22. Kd3 Ne6 23. g3 Nc7 24. Nc3 Ra6 25. Nc4 Bf6 26. Ne3 Rb8
27. b4 Ra3 28. Nc4 Ra7 29. Na5 Ra6 30. Nc4 Nb5 31. Nd5 Rba8 32. Rb2 R8a7 33.
Rfb1 Ra8 34. h4 R8a7 35. Rc1 Ra8 36. Na5 Bd8 37. Nc4 Bf6 38. h5 Kh7 39. Na5 Bd8
40. Rc5 Bxa5 41. bxa5 1-0

[Event "XI GRAN TORNEO INTERNACIONAL AFICIONADOS"]
[Site "Benidorm (Alicante - SPAIN)"]
[Date "2012.12.06"]
[Round "8"]
[White "Gutierrez Leon"]
[Black "Nazarov, Alexander"]
[Result "0-1"]
[WhiteElo "1947"]
[BlackElo "1847"]
[PlyCount "51"]
[EventDate "2012.11.30"]
[EventRounds "10"]
[EventCountry "ESP"]

1. Nf3 d5 2. b3 Nf6 3. Bb2 c5 4. e3 Nc6 5. Bb5 Bg4 6. h3 Bxf3 7. Qxf3 e6 8. O-O
Be7 9. d3 Rc8 10. Nd2 Qa5 11. Bxc6+ Rxc6 12. Rfd1 O-O 13. e4 d4 14. Nc4 Qc7 15.
a4 Nd7 16. Bc1 e5 17. Rf1 Rg6 18. Bd2 b6 19. Rae1 Qc6 20. Qf5 Re6 21. f4 Bf6
22. g3 a6 23. Qg4 b5 24. Nb2 Bd8 25. f5 Rd6 26. h4 {irreproducible} 0-1

[Event "XI GRAN TORNEO INTERNACIONAL AFICIONADOS"]
[Site "Benidorm (Alicante - SPAIN)"]
[Date "2012.12.06"]
[Round "8"]
[White "Patino Andreu, Ramon"]
[Black "Teran Pereda, Luis"]
[Result "1-0"]
[WhiteElo "1944"]
[BlackElo "1838"]
[PlyCount "69"]
[EventDate "2012.11.30"]
[EventRounds "10"]
[EventCountry "ESP"]

1. e4 c5 2. Nc3 d6 3. f4 e6 4. Nf3 Nf6 5. Bb5+ Bd7 6. Bxd7+ Nbxd7 7. O-O Be7 8.
d3 O-O 9. Qe1 a6 10. Qg3 Kh8 11. b3 b5 12. Bb2 Ne8 13. Rae1 Bf6 14. e5 dxe5 15.
fxe5 Be7 16. Ne4 Rb8 17. Nfg5 Kg8 18. Re2 h6 19. Nh3 Rb6 20. Nf4 Qc7 21. Nh5 f5
22. Nd6 Bxd6 23. exd6 Qxd6 24. Qh3 Rf7 25. Rfe1 Nf8 26. Be5 Qe7 27. Nf4 Qd7 28.
Re3 Nf6 29. Rg3 Ng4 30. Bb2 e5 31. Ne2 c4 32. Qh4 Qd5 33. h3 cxd3 34. cxd3 Nf6
35. Qxh6 1-0

[Event "XI GRAN TORNEO INTERNACIONAL AFICIONADOS"]
[Site "Benidorm (Alicante - SPAIN)"]
[Date "2012.12.06"]
[Round "8"]
[White "Rucsandescu, Dan"]
[Black "Mcgovern, Patrick"]
[Result "1-0"]
[WhiteElo "1939"]
[BlackElo "1835"]
[PlyCount "83"]
[EventDate "2012.11.30"]
[EventRounds "10"]
[EventCountry "ESP"]

1. d4 Nf6 2. Nf3 d5 3. c4 c6 4. e3 e6 5. Bd3 Be7 6. O-O O-O 7. Nc3 Nbd7 8. b3
b6 9. Qe2 Bb7 10. Bb2 c5 11. Rfd1 Rc8 12. cxd5 Nxd5 13. Nxd5 Bxd5 14. Ba6 Rc7
15. e4 Ba8 16. dxc5 Qb8 17. cxb6 axb6 18. Bb5 Rd8 19. Rd2 Qc8 20. Ba6 Bb7 21.
Bxb7 Rxb7 22. Rad1 Nc5 23. Rxd8+ Bxd8 24. h3 Rd7 25. Rxd7 Nxd7 26. Qb5 Be7 27.
Ne5 Nxe5 28. Bxe5 f6 29. Bf4 Bc5 30. Qc4 Kf7 31. Be3 Qa8 32. Bxc5 bxc5 33. Qxc5
Qxa2 34. b4 Qb1+ 35. Kh2 Qxe4 36. b5 Qb7 37. b6 Ke8 38. Qd6 e5 39. h4 Qc8 40.
f3 h5 41. Qd5 Qb8 42. Qg8+ 1-0

[Event "XI GRAN TORNEO INTERNACIONAL AFICIONADOS"]
[Site "Benidorm (Alicante - SPAIN)"]
[Date "2012.12.07"]
[Round "9"]
[White "Esquerdo Nogueroles, Gaspar"]
[Black "Iglesias Garcia, Jorge"]
[Result "0-1"]
[WhiteElo "1927"]
[BlackElo "1968"]
[PlyCount "60"]
[EventDate "2012.11.30"]
[EventRounds "10"]
[EventCountry "ESP"]

1. e4 e6 2. f4 d5 3. Nc3 dxe4 4. Nxe4 Nd7 5. d4 Ngf6 6. Bd3 Nxe4 7. Bxe4 Nf6 8.
Bf3 Bd6 9. Ne2 c6 10. O-O Qc7 11. c4 h6 12. Ng3 Bd7 13. Nh5 Nxh5 14. Bxh5 g6
15. Be2 g5 16. g3 c5 17. Be3 O-O-O 18. Qb3 gxf4 19. Bxf4 cxd4 20. Bxd6 Qxd6 21.
Rxf7 Bc6 22. Raf1 d3 23. Bf3 d2 24. Rd1 Rhf8 25. Rxf8 Rxf8 26. Bxc6 Qd4+ 27.
Kg2 Rf2+ 28. Kh3 bxc6 29. Qc3 Qxc3 30. bxc3 e5 0-1

[Event "XI GRAN TORNEO INTERNACIONAL AFICIONADOS"]
[Site "Benidorm (Alicante - SPAIN)"]
[Date "2012.12.07"]
[Round "9"]
[White "Sumin, Vladyslav"]
[Black "Fernandez Aguilar, Francisco"]
[Result "1-0"]
[WhiteElo "1983"]
[BlackElo "1955"]
[PlyCount "71"]
[EventDate "2012.11.30"]
[EventRounds "10"]
[EventCountry "ESP"]

1. d4 Nf6 2. c4 g6 3. Nc3 d5 4. Bg5 Ne4 5. Bh4 Bg7 6. Nf3 c5 7. cxd5 Nxc3 8.
bxc3 Qxd5 9. e3 Nc6 10. Be2 O-O 11. O-O Bf5 12. Nd2 cxd4 13. cxd4 e5 14. Bc4
Qd6 15. d5 Na5 16. e4 Bd7 17. Bd3 f5 18. f3 Rac8 19. Bf2 b6 20. Nb3 Nb7 21. Qe2
fxe4 22. fxe4 Qe7 23. Ba6 Rc7 24. Rac1 Rxc1 25. Rxc1 Nd6 26. Rc7 Ra8 27. Be1
Qd8 28. Rc1 Bh6 29. Rc2 Bc8 30. Bd3 Bd7 31. Bb4 Bf8 32. Ba6 Bc8 33. Bd3 Bd7 34.
Qf3 Rc8 35. Rf2 Be8 36. Qxf8# 1-0

[Event "XI GRAN TORNEO INTERNACIONAL AFICIONADOS"]
[Site "Benidorm (Alicante - SPAIN)"]
[Date "2012.12.07"]
[Round "9"]
[White "Moya Mallafre, Erik"]
[Black "Gonzalez Cuervo, Eloy"]
[Result "0-1"]
[WhiteElo "1995"]
[BlackElo "1961"]
[PlyCount "100"]
[EventDate "2012.11.30"]
[EventRounds "10"]
[EventCountry "ESP"]

1. Nf3 g6 2. c4 Bg7 3. d4 d6 4. Nc3 Nd7 5. g3 e5 6. Bg2 Ngf6 7. O-O O-O 8. Qc2
c6 9. Rd1 Qe7 10. e4 Re8 11. d5 c5 12. Rb1 Nh5 13. b4 b6 14. Nb5 Nb8 15. bxc5
bxc5 16. Qa4 h6 17. Nxd6 Bd7 18. Nb5 f5 19. Nh4 Qf6 20. exf5 g5 21. d6 gxh4 22.
Bxa8 Qxf5 23. Bd5+ Kh8 24. Qb3 Rf8 25. Rb2 e4 26. Re2 Nc6 27. Bb2 Ne5 28. Bxe4
Qg4 29. Rde1 Nf4 30. Rd2 Nh3+ 31. Kg2 Ng5 32. f4 Rxf4 33. Bxe5 Bxe5 34. Bd5
Qh3+ 35. Kg1 hxg3 36. hxg3 Nf3+ 37. Bxf3 Qxg3+ 38. Kf1 Rxf3+ 39. Qxf3 Qxf3+ 40.
Kg1 Qg3+ 41. Kf1 Bh3+ 42. Ke2 Bg4+ 43. Kf1 Qf3+ 44. Kg1 Qg3+ 45. Kf1 Qf4+ 46.
Rf2 Bh3+ 47. Ke2 Qxc4+ 48. Kf3 Qd3+ 49. Re3 Qd5+ 50. Ke2 Bg4+ 0-1

[Event "XI GRAN TORNEO INTERNACIONAL AFICIONADOS"]
[Site "Benidorm (Alicante - SPAIN)"]
[Date "2012.12.07"]
[Round "9"]
[White "Cardenas, Fernando Adrian"]
[Black "Johnsen, Kjell Magne"]
[Result "0-1"]
[WhiteElo "1980"]
[BlackElo "1989"]
[PlyCount "54"]
[EventDate "2012.11.30"]
[EventRounds "10"]
[EventCountry "ESP"]

1. Nf3 Nf6 2. c4 e6 3. g3 d5 4. d4 dxc4 5. Bg2 c5 6. O-O Nc6 7. Qa4 cxd4 8.
Nxd4 Qxd4 9. Bxc6+ Bd7 10. Bxd7+ Qxd7 11. Qxc4 Rc8 12. Qb3 Bc5 13. Nc3 O-O 14.
Bg5 Ng4 15. Ne4 Bb6 16. Rad1 Qc6 17. Nd6 Rc7 18. h3 h6 19. hxg4 hxg5 20. Nb5
Rcc8 21. e3 Qf3 22. Rd7 Qxg4 23. Rfd1 Rc5 24. Nd6 Qf3 25. Nxb7 Rf5 26. R1d2 Rf6
27. Nd6 Rh6 0-1

[Event "XI GRAN TORNEO INTERNACIONAL AFICIONADOS"]
[Site "Benidorm (Alicante - SPAIN)"]
[Date "2012.12.07"]
[Round "9"]
[White "Blanco, Juan"]
[Black "Botelho, Luis Miguel Rodrigue"]
[Result "0-1"]
[WhiteElo "1963"]
[BlackElo "1972"]
[PlyCount "82"]
[EventDate "2012.11.30"]
[EventRounds "10"]
[EventCountry "ESP"]

1. e4 c5 2. Nf3 g6 3. d4 cxd4 4. Nxd4 Nc6 5. Be3 Bg7 6. Nc3 Nf6 7. Bc4 Qa5 8.
Qd2 Nxe4 9. Nxe4 Qxd2+ 10. Kxd2 Bxd4 11. Bxd4 Nxd4 12. Ng5 e6 13. c3 Nc6 14.
Rae1 O-O 15. h4 d5 16. Bb3 b5 17. Bc2 b4 18. h5 bxc3+ 19. bxc3 h6 20. Nf3 g5
21. Ba4 Bd7 22. Bxc6 Bxc6 23. Ne5 Rfc8 24. Rb1 Be8 25. Rb7 Rc5 26. Rhb1 Kg7 27.
Kd3 a6 28. Kd4 Rb5 29. Rb3 Rxb3 30. axb3 a5 31. g4 a4 32. bxa4 Rxa4+ 33. Rb4
Kf6 34. Nd3 Ra2 35. Rb8 Ba4 36. Rh8 Bb5 37. Nb4 Rxf2 38. Rb8 Rf4+ 39. Ke3 Re4+
40. Kf2 Be2 41. Rb6 Kg7 0-1

[Event "XI GRAN TORNEO INTERNACIONAL AFICIONADOS"]
[Site "Benidorm (Alicante - SPAIN)"]
[Date "2012.12.07"]
[Round "9"]
[White "Perez Garcia, Jose Miguel"]
[Black "Rodriguez Marcos, Jose R"]
[Result "0-1"]
[WhiteElo "1993"]
[BlackElo "1962"]
[PlyCount "76"]
[EventDate "2012.11.30"]
[EventRounds "10"]
[EventCountry "ESP"]

1. Nf3 Nf6 2. c4 c5 3. Nc3 Nc6 4. g3 g6 5. Bg2 Bg7 6. O-O d6 7. d4 cxd4 8. Nxd4
Bd7 9. b3 Qc8 10. Bb2 Bh3 11. Nd5 Bxg2 12. Kxg2 e6 13. Nb5 Qd8 14. Ndc7+ Kf8
15. Nxa8 Qxa8 16. Qxd6+ Kg8 17. Rad1 a6 18. Nd4 Ne8 19. Qd7 Ne5 20. Qe7 Bf6 21.
Qa3 b5+ 22. Kg1 bxc4 23. Nc2 c3 24. Bxc3 Nf3+ 25. exf3 Bxc3 26. Rd3 Bf6 27. Qc5
Kg7 28. Kg2 Qb7 29. Rfd1 Nc7 30. Rd7 Rc8 31. Ne3 Qb5 32. Rc1 Qxd7 33. h4 Bd4
34. Qc4 Bxe3 35. fxe3 Qd2+ 36. Kf1 Qxe3 37. Rc3 Nd5 38. Qxc8 Nxc3 0-1

[Event "XI GRAN TORNEO INTERNACIONAL AFICIONADOS"]
[Site "Benidorm (Alicante - SPAIN)"]
[Date "2012.12.07"]
[Round "9"]
[White "Ingunza Lopez, Txema"]
[Black "Giner Mayor, Jose"]
[Result "0-1"]
[WhiteElo "1992"]
[BlackElo "1900"]
[PlyCount "60"]
[EventDate "2012.11.30"]
[EventRounds "10"]
[EventCountry "ESP"]

1. e4 c5 2. Nf3 Nc6 3. d4 cxd4 4. Nxd4 g6 5. Nc3 Bg7 6. Be3 Nf6 7. Bc4 Qa5 8.
Bb3 Nxe4 9. Nxc6 dxc6 10. Bd4 Nxc3 11. bxc3 e5 12. Be3 Qxc3+ 13. Bd2 Qd4 14. c3
Qe4+ 15. Qe2 Qxe2+ 16. Kxe2 O-O 17. Rhe1 Bf5 18. Be3 Rfd8 19. Red1 e4 20. Bd4
Bg4+ 21. f3 exf3+ 22. gxf3 Bf5 23. Rac1 b6 24. Ba4 c5 25. Bc6 cxd4 26. Bxa8 d3+
27. Ke3 Rxa8 28. f4 Re8+ 29. Kf3 h5 30. h3 Rc8 0-1

[Event "XI GRAN TORNEO INTERNACIONAL AFICIONADOS"]
[Site "Benidorm (Alicante - SPAIN)"]
[Date "2012.12.07"]
[Round "9"]
[White "Stefanov, Evtim"]
[Black "Arroyo Rodriguez, Jesus"]
[Result "0-1"]
[WhiteElo "1963"]
[BlackElo "1985"]
[PlyCount "110"]
[EventDate "2012.11.30"]
[EventRounds "10"]
[EventCountry "ESP"]

1. e4 c5 2. Nc3 Nc6 3. g3 Nf6 4. Bg2 d6 5. d3 e5 6. f4 Bg4 7. Nf3 Be7 8. h3
Bxf3 9. Qxf3 O-O 10. f5 Nd4 11. Qf2 b5 12. O-O a5 13. Nd1 b4 14. c3 Nc6 15. Ne3
a4 16. h4 a3 17. g4 axb2 18. Bxb2 Qa5 19. c4 Ra7 20. g5 Ne8 21. Nd5 Bd8 22. Qf3
Nc7 23. Ne3 Nd4 24. Qh5 Ne8 25. Rf2 Qa6 26. Nd5 Qb7 27. g6 h6 28. Raf1 Nf6 29.
Nxf6+ Bxf6 30. Bc1 Rfa8 31. Bxh6 Rxa2 32. Bg5 Rxf2 33. Rxf2 b3 34. Bxf6 gxf6
35. Qh7+ Kf8 36. g7+ Ke7 37. Rb2 Qa7 38. Rf2 b2 39. Rxb2 Qa1+ 40. Kh2 Qxb2 41.
g8=Q Rxg8 42. Qxg8 Qe2 43. Qg3 Qh5 44. Kh3 Ne2 45. Qe3 Nf4+ 46. Kg3 Qxh4+ 47.
Kf3 Qh5+ 48. Kf2 Qg4 49. Qf3 Qh4+ 50. Kf1 Qg5 51. Kf2 Nxg2 52. Qxg2 Qd2+ 53.
Kg3 Qxd3+ 54. Kh4 Qxc4 55. Kh5 Qc1 0-1

[Event "XI GRAN TORNEO INTERNACIONAL AFICIONADOS"]
[Site "Benidorm (Alicante - SPAIN)"]
[Date "2012.12.07"]
[Round "9"]
[White "Cebada Benitez, Fernando"]
[Black "Fernandez Gil, Ruben Carlos"]
[Result "0-1"]
[WhiteElo "1953"]
[BlackElo "1976"]
[PlyCount "77"]
[EventDate "2012.11.30"]
[EventRounds "10"]
[EventCountry "ESP"]

1. e4 c5 2. Nf3 Nc6 3. d4 cxd4 4. Nxd4 g6 5. Bc4 Bg7 6. Be3 Nf6 7. Nc3 O-O 8.
Nxc6 bxc6 9. O-O Qa5 10. Qd2 Qb4 11. Qd3 Ng4 12. Bd4 Qd6 13. e5 Nxe5 14. Bxe5
Bxe5 15. Qxd6 Bxd6 16. Ne2 Be5 17. c3 d5 18. Bd3 Rb8 19. b3 Bg7 20. f4 Re8 21.
Rac1 e5 22. fxe5 Rxe5 23. Nd4 Bd7 24. Rf3 Rbe8 25. h3 Re3 26. Kf2 Bh6 27. Rd1
c5 28. Nc2 R3e5 29. g4 Bc6 30. Rf6 R5e6 31. Rxe6 fxe6 32. a4 Rf8+ 33. Ke2 d4
34. Rf1 Rxf1 35. Kxf1 dxc3 36. Ke2 Kf7 37. Na3 Kf6 38. Nb1 Ke5 39. Nxc3 0-1

[Event "XI GRAN TORNEO INTERNACIONAL AFICIONADOS"]
[Site "Benidorm (Alicante - SPAIN)"]
[Date "2012.12.07"]
[Round "9"]
[White "Aprea, Daniele"]
[Black "Bas Mas, Miguel"]
[Result "1/2-1/2"]
[WhiteElo "1946"]
[BlackElo "1974"]
[PlyCount "55"]
[EventDate "2012.11.30"]
[EventRounds "10"]
[EventCountry "ESP"]

1. d4 Nf6 2. Nf3 g6 3. c4 d5 4. cxd5 Nxd5 5. e4 Nb6 6. h3 Bg7 7. Nc3 O-O 8. Be2
c6 9. O-O N8d7 10. Bf4 Nf6 11. Qd2 Be6 12. b3 Rc8 13. Bh6 Ne8 14. Rad1 Nd6 15.
Nh4 f5 16. Bxg7 Kxg7 17. e5 Ne8 18. Qg5 Bd5 19. Qe3 e6 20. Qg3 Kh6 21. f4 Nc7
22. Nxd5 Ncxd5 23. Nf3 Rh8 24. Ng5 Qe7 25. h4 Rcd8 26. Qf2 Kg7 27. Qf3 Rhf8 28.
h5 1/2-1/2

[Event "XI GRAN TORNEO INTERNACIONAL AFICIONADOS"]
[Site "Benidorm (Alicante - SPAIN)"]
[Date "2012.12.07"]
[Round "9"]
[White "Stamenov, Valeriy"]
[Black "Busto Prendes, Abel"]
[Result "0-1"]
[WhiteElo "1915"]
[BlackElo "1973"]
[PlyCount "92"]
[EventDate "2012.11.30"]
[EventRounds "10"]
[EventCountry "ESP"]

1. e4 e6 2. d4 d5 3. exd5 exd5 4. c4 Nf6 5. Nc3 Bb4 6. Bd3 dxc4 7. Bxc4 O-O 8.
Nge2 Bg4 9. f3 Bh5 10. O-O Nbd7 11. Bf4 Nb6 12. Bb3 c6 13. a3 Be7 14. Bg3 Nfd5
15. Bf2 Bg5 16. Ng3 Bg6 17. Re1 Qd7 18. Nxd5 Nxd5 19. Bxd5 Qxd5 20. Ne4 Bh6 21.
Nc3 Qd6 22. d5 Rad8 23. Bxa7 cxd5 24. Bd4 Rfe8 25. Qb3 Bf4 26. Qxb7 Bxh2+ 27.
Kh1 Qg3 28. Rxe8+ Rxe8 29. Qd7 Rb8 30. Qh3 Qxh3 31. gxh3 Rxb2 32. Nxd5 Re2 33.
Bc5 Bh5 34. Rf1 f6 35. Nc3 Rc2 36. Bb4 Be5 37. Nb5 Rh2+ 38. Kg1 Rxh3 39. f4 Bb2
40. Kg2 Rb3 41. Rb1 Bg6 42. Rd1 h5 43. Rd8+ Kh7 44. Bd6 h4 45. f5 h3+ 46. Kh1
Bh5 0-1

[Event "XI GRAN TORNEO INTERNACIONAL AFICIONADOS"]
[Site "Benidorm (Alicante - SPAIN)"]
[Date "2012.12.07"]
[Round "9"]
[White "Hall, Rachid"]
[Black "Ribera Cebolla, Marc"]
[Result "0-1"]
[WhiteElo "1964"]
[BlackElo "1885"]
[PlyCount "48"]
[EventDate "2012.11.30"]
[EventRounds "10"]
[EventCountry "ESP"]

1. Nf3 Nf6 2. d4 c5 3. Nc3 e6 4. e4 cxd4 5. Nxd4 d6 6. Bb5+ Bd7 7. O-O a6 8.
Bc4 Qc7 9. Bb3 b5 10. f3 Nc6 11. Be3 Be7 12. Qd2 O-O 13. Rad1 Ne5 14. Qf2 Nc4
15. Bc1 b4 16. Nce2 a5 17. c3 a4 18. Bc2 bxc3 19. bxc3 Rfb8 20. Bd3 Qc5 21. Kh1
Ne5 22. Bb1 a3 23. Nb3 Qxf2 24. Rxf2 Nc4 {irreproducible} 0-1

[Event "XI GRAN TORNEO INTERNACIONAL AFICIONADOS"]
[Site "Benidorm (Alicante - SPAIN)"]
[Date "2012.12.07"]
[Round "9"]
[White "Voet, Dirk"]
[Black "Picazo Gonzalez, Alejandro"]
[Result "0-1"]
[WhiteElo "1911"]
[BlackElo "1991"]
[PlyCount "46"]
[EventDate "2012.11.30"]
[EventRounds "10"]
[EventCountry "ESP"]

1. e4 e5 2. d3 Nf6 3. g3 d5 4. Nd2 Bc5 5. Bg2 dxe4 6. dxe4 Ng4 7. Nh3 O-O 8.
O-O Nc6 9. c3 Be6 10. Qe2 h6 11. Kh1 Qd7 12. b4 Bb6 13. Nc4 Rfd8 14. Nxb6 axb6
15. f4 Qd3 16. Ng1 h5 17. h3 Nf6 18. fxe5 Nxe5 19. Bg5 Qxc3 20. Rac1 Qd3 21.
Qb2 Nc4 22. Qb1 Qxg3 23. Bxf6 Rd2 0-1

[Event "XI GRAN TORNEO INTERNACIONAL AFICIONADOS"]
[Site "Benidorm (Alicante - SPAIN)"]
[Date "2012.12.07"]
[Round "9"]
[White "Marti Blanes, Jose Manuel"]
[Black "Albers, Andreas"]
[Result "1/2-1/2"]
[WhiteElo "1987"]
[BlackElo "1937"]
[PlyCount "82"]
[EventDate "2012.11.30"]
[EventRounds "10"]
[EventCountry "ESP"]

1. d4 Nf6 2. c4 g6 3. Nc3 d5 4. cxd5 Nxd5 5. e4 Nxc3 6. bxc3 Bg7 7. Bc4 c5 8.
Ne2 O-O 9. O-O Nc6 10. Be3 Bg4 11. f3 Na5 12. Bd3 cxd4 13. cxd4 Be6 14. d5 Bxa1
15. Qxa1 f6 16. Kh1 Bf7 17. Bh6 Rc8 18. Bxf8 Kxf8 19. Rc1 Rc7 20. Nd4 Qc8 21.
Rd1 a6 22. f4 Nc4 23. Bxc4 Rxc4 24. Qb1 Qc5 25. Qd3 Rc3 26. Qd2 Qc4 27. f5 g5
28. h4 h6 29. Ne6+ Kg8 30. hxg5 hxg5 31. d6 exd6 32. Qxd6 Bxe6 33. fxe6 Rc1 34.
Qd8+ Kh7 35. Qd7+ Kh6 36. e7 Rxd1+ 37. Qxd1 Qxe4 38. Qd7 Qe1+ 39. Kh2 Qe5+ 40.
Kh3 f5 41. g3 g4+ 1/2-1/2

[Event "XI GRAN TORNEO INTERNACIONAL AFICIONADOS"]
[Site "Benidorm (Alicante - SPAIN)"]
[Date "2012.12.07"]
[Round "9"]
[White "Becking, Franz Josef"]
[Black "Martin-Consuegra Barrilero, Ja"]
[Result "1/2-1/2"]
[WhiteElo "1958"]
[BlackElo "1855"]
[PlyCount "60"]
[EventDate "2012.11.30"]
[EventRounds "10"]
[EventCountry "ESP"]

1. e4 d6 2. d4 Nf6 3. Nc3 e5 4. dxe5 dxe5 5. Qxd8+ Kxd8 6. Bc4 Ke8 7. Bg5 h6 8.
Bh4 Bb4 9. f3 c6 10. Nge2 Ke7 11. O-O-O Be6 12. Bxe6 Kxe6 13. Rd3 g5 14. Bf2
Nbd7 15. Ng3 Nc5 16. Bxc5 Bxc5 17. Nf5 Rad8 18. Rxd8 Rxd8 19. Rd1 Rxd1+ 20.
Kxd1 Bf8 21. Ke2 h5 22. Nd1 Bc5 23. c3 h4 24. Nde3 Bxe3 25. Kxe3 Nd7 26. b4 b5
27. Kd3 Nb6 28. Ne3 a6 29. c4 f6 30. cxb5 axb5 1/2-1/2

[Event "XI GRAN TORNEO INTERNACIONAL AFICIONADOS"]
[Site "Benidorm (Alicante - SPAIN)"]
[Date "2012.12.07"]
[Round "9"]
[White "Blesa Fernandez, Francisco"]
[Black "Nieto Tornero, Jose"]
[Result "0-1"]
[WhiteElo "1889"]
[BlackElo "1951"]
[PlyCount "38"]
[EventDate "2012.11.30"]
[EventRounds "10"]
[EventCountry "ESP"]

1. d4 d5 2. c4 c6 3. Nf3 Nf6 4. Nc3 e6 5. Bg5 dxc4 6. e4 b5 7. e5 h6 8. Bh4 g5
9. Nxg5 hxg5 10. Bxg5 Nbd7 11. g3 Bb7 12. Bg2 Qb6 13. exf6 c5 14. d5 O-O-O 15.
O-O b4 16. Rb1 Qa6 17. Na4 exd5 18. Bxd5 Ne5 19. Bxb7+ Qxb7 0-1

[Event "XI GRAN TORNEO INTERNACIONAL AFICIONADOS"]
[Site "Benidorm (Alicante - SPAIN)"]
[Date "2012.12.07"]
[Round "9"]
[White "Fournier, Manuel"]
[Black "Bote Kobolo, Benjamin"]
[Result "0-1"]
[WhiteElo "1884"]
[BlackElo "1944"]
[PlyCount "58"]
[EventDate "2012.11.30"]
[EventRounds "10"]
[EventCountry "ESP"]

1. e4 Nc6 2. Nf3 d6 3. d4 Bg4 4. Be3 Nf6 5. Nc3 a6 6. Be2 e6 7. Qd2 Be7 8. O-O
O-O 9. h3 Bh5 10. Rfe1 Bg6 11. d5 exd5 12. exd5 Nb8 13. Bd3 Nbd7 14. Bxg6 fxg6
15. Re2 Nh5 16. Bd4 Bf6 17. Rae1 Kf7 18. Bxf6 gxf6 19. Re4 Ne5 20. Nd4 f5 21.
R4e2 Qh4 22. b3 f4 23. f3 Rae8 24. Ne4 Re7 25. Qb4 Rfe8 26. c4 Nd3 27. Qd2 Nxe1
28. Qxe1 Qxe1+ 29. Rxe1 Kg7 0-1

[Event "XI GRAN TORNEO INTERNACIONAL AFICIONADOS"]
[Site "Benidorm (Alicante - SPAIN)"]
[Date "2012.12.07"]
[Round "9"]
[White "Pastor Briones, Jose"]
[Black "Borja Perez, Jose"]
[Result "0-1"]
[WhiteElo "1883"]
[BlackElo "1944"]
[PlyCount "60"]
[EventDate "2012.11.30"]
[EventRounds "10"]
[EventCountry "ESP"]

1. e4 e5 2. Nf3 d6 3. d4 Nf6 4. Nc3 Nbd7 5. Bc4 Be7 6. O-O O-O 7. h3 c6 8. Bg5
b5 9. Bd3 b4 10. Ne2 h6 11. Bd2 Rb8 12. Ng3 Re8 13. c3 a5 14. a3 b3 15. a4 Bf8
16. Bc4 d5 17. Bxb3 Nxe4 18. Nxe4 dxe4 19. Nxe5 Nxe5 20. dxe5 Rxb3 21. Qxb3
Qxd2 22. Qb6 Qd5 23. Rad1 Qxe5 24. Qxc6 e3 25. fxe3 Qxe3+ 26. Kh1 Bxh3 27. Rf3
Bxg2+ 28. Kxg2 Qe2+ 29. Rf2 Qg4+ 30. Kh2 Re3 0-1

[Event "XI GRAN TORNEO INTERNACIONAL AFICIONADOS"]
[Site "Benidorm (Alicante - SPAIN)"]
[Date "2012.12.07"]
[Round "9"]
[White "Moreno Giron, Victor M"]
[Black "Elmas, Mustafa"]
[Result "0-1"]
[WhiteElo "1999"]
[BlackElo "1892"]
[PlyCount "54"]
[EventDate "2012.11.30"]
[EventRounds "10"]
[EventCountry "ESP"]

1. e4 c5 2. c3 e6 3. d4 cxd4 4. cxd4 d5 5. e5 Nc6 6. Nf3 Bb4+ 7. Nc3 Nge7 8.
Bd3 Nf5 9. Bc2 a6 10. O-O Be7 11. a3 O-O 12. Qd3 g6 13. g4 Ng7 14. Bh6 b5 15.
Ne2 b4 16. Qe3 bxa3 17. bxa3 Na5 18. Ng3 Bd7 19. g5 Rc8 20. Bb1 Nc4 21. Qf4
Nxa3 22. Rxa3 Bxa3 23. Bxg7 Kxg7 24. Qh4 Rh8 25. Qh6+ Kg8 26. Nd2 Bf8 27. Qh4
h6 0-1